000 01707nam a2200421 i 4500
001 28809
003 KOSZ 005
005 20200615111801.0
008 s1989 pl a f |000 0 pol
020 _a8301089253
040 _cKOSZ 005
_aKOSZ 005
_dKOSZ 005/EG
041 _apol
_brus
_beng
080 _a664
245 0 0 _aBudowa i eksploatacja maszyn w przemyśle spożywczym.
_nCz. 2 /
_c[kom. red. Józef Grochowicz, Stanisław Dąbrowski, Zbigniew Dolatowski].
246 3 1 _aStroitel'stvo i ekspluatacija mašin v piščevoj promyšlennosti
260 _aWarszawa :
_bPaństwowe Wydaw. Naukowe,
_c1989.
300 _a189, [2] s. :
_brys., wykr. ;
_c24 cm.
336 _2rdacontent
_aTekst
_btxt
337 _2rdamedia
_aBez urządzenia pośredniczącego
_bn
338 _2rdacarrier
_aWolumin
_bnc
380 _aKsiążki
388 _a1901-2000
388 _a1945-1989
490 1 _aZeszyty Problemowe Postępów Nauk Rolniczych ;
_vz.355
504 _aBibliogr. przy rozdz.
546 _aTyt., spis treści i streszcz. ang. i ros.
650 7 _aPrzemysł rolno-spożywczy
650 7 _aMaszyny i narzędzia rolnicze
658 _aInżynieria i technika
658 _aRolnictwo i leśnictwo
700 1 _aGrochowicz, Józef
_d(1936- )
_eRedakcja
700 1 _aDąbrowski, Stanisław
_c(mechanizacja)
_eRedakcja
700 1 _aDolatowski, Zbigniew J.
_d(1945- )
_eRedakcja
710 2 _aPaństwowe Wydawnictwo Naukowe
_4pbl
830 _aZeszyty Problemowe Postępów Nauk Rolniczych
_vz. 355
856 _uhttp://koha.tu.koszalin.pl/cgi-bin/koha/opac-detail.pl?biblionumber=28809
_yKatalog online BPK
942 _cKS
_2UKD
999 _c28809
_d28809